International regulatory co-operation <the> role of international organisations in fostering better rules of globalisation
Na minha lista:
| Formato: | Livro |
|---|---|
| Idioma: | inglês |
| Publicado em: |
Paris
OECD
2016
|
| Assuntos: | |
| Tags: |
Sem tags, seja o primeiro a adicionar uma tag!
|
MARC
| LEADER | 00000nam a2200000 4500 | ||
|---|---|---|---|
| 001 | 0228988 | ||
| 005 | 20221107101003.1 | ||
| 020 | |a 978-92-64-26625-4 | ||
| 041 | 0 | |a eng | |
| 044 | |a FR | ||
| 245 | 1 | 0 | |a International regulatory co-operation |b <the> role of international organisations in fostering better rules of globalisation |
| 264 | 1 | |a Paris |b OECD |c 2016 | |
| 300 | |a 216 s. | ||
| 610 | 2 | 0 | |a organizácie medzinárodné |
| 610 | 2 | 0 | |a spolupráca medzinárodná |
| 610 | 2 | 0 | |a vzťahy medzinárodné |
| 610 | 2 | 0 | |a globalizácia |